000 00925nam a22002057a 4500
005 20230922104231.0
008 230922b ||||| |||| 00| 0 eng d
020 _a9789387760783
040 _cAL
041 _aeng
082 _223
_a650.14
_bPILS
100 _aUmesh Pilaniya
_9134426
245 _aSkills for employability Vol.1
260 _aJaipur
_bSatyam Publishers and Distributors
_c2021
300 _a234p.
_bHB
_c23.5x15.5cm.
365 _2General
_a07
_b₹1277.50
_c
_d₹1750.00
_e27%
_f19-08-2023
520 _aessential skills for employability; effective communication skills; how to develop teamwork skills; fundamentals of sampling skills; effectual writing skills; employability planning management skills; tips for time management; problem solving the mark of an independent employee; qualities of superior leaders.
650 _2Management and public relations
_aTechnology
_9134427
942 _2ddc
_cBK
999 _c228882
_d228882